000
00319nam a2200133Ia 4500
005
20260328101510.0
008
260328s9999||||xx |||||||||||||| ||und||
100
_a
Le Corbusier
245
0
_a
Sur les 4 routes /
_c
Le Corbusier
260
_b
Donoel / Gonthier
300
_a
285 p.
650
_a
Corbusier, Le
942
_c
BK
999
_c
9180
_d
9180